Organizational design : (Record no. 14083)
[ view plain ]
| 000 -LEADER | |
|---|---|
| fixed length control field | 00793nam a2200253 a 4500 |
| 001 - CONTROL NUMBER | |
| JCCL Control Number | 14083 |
| 003 - CONTROL NUMBER IDENTIFIER | |
| JCCL marc code | BD-JhCC |
| 005 - DATE AND TIME OF LATEST TRANSACTION | |
| control field | 20240919121607.0 |
| 008 - FIXED-LENGTH DATA ELEMENTS--GENERAL INFORMATION | |
| fixed length control field | 240919b2006 us a|||| ||a| 001 0 eng d |
| 020 ## - INTERNATIONAL STANDARD BOOK NUMBER | |
| International Standard Book Number | 0521617332 |
| 035 ## - SYSTEM CONTROL NUMBER | |
| system control number | (BD-JhCC)14083 |
| 040 ## - CATALOGING SOURCE | |
| Original cataloging agency | BD-JhCC |
| Modifying agency | BD-JhCC |
| 041 ## - LANGUAGE CODE | |
| Language code of Book | english |
| 082 ## - DEWEY DECIMAL CLASSIFICATION NUMBER | |
| Classification number | 158.7 |
| Author mark and Year | BUR 2006 |
| 100 ## - MAIN ENTRY--PERSONAL NAME | |
| Personal name | Burton,Richard M. |
| 245 ## - TITLE STATEMENT | |
| Title | Organizational design : |
| Remainder of title | a step-by-step approach / |
| Statement of responsibility, etc | Richard M. Burton, Gerardine DeSanctis, Borge Obelm . |
| 260 ## - PUBLICATION, DISTRIBUTION, ETC. (IMPRINT) | |
| Place of publication, distribution, etc | America: |
| Name of publisher, distributor, etc | Cambridge; |
| Date of publication, distribution, etc | 2006. |
| 300 ## - PHYSICAL DESCRIPTION | |
| Pagination | xv, 235 pages. : |
| Other physical details | illustrations ; |
| Dimensions | 25 cm. |
| 650 ## - SUBJECT ADDED ENTRY--TOPICAL TERM | |
| Topical term or geographic name as entry element | Corporate culture |
| Form subdivision | Culture d'entreprise |
| General subdivision | Organization |
| Chronological subdivision | Organizational Culture |
| 700 ## - ADDED ENTRY--PERSONAL NAME | |
| Personal name | DeSanctis,Gerardine |
| 700 ## - ADDED ENTRY--PERSONAL NAME | |
| Personal name | Obelm, Borge |
| 942 ## - ADDED ENTRY ELEMENTS (KOHA) | |
| Source of classification or shelving scheme | Dewey Decimal Classification |
| Koha item type | Books |
| Source of classification or shelving scheme | Damaged status | Not for loan | Home library | Current library | Shelving location | Date of accession | Source of acquisition | Cost, normal purchase price | Total Checkouts | Full call number | Barcode | Date last seen | Copy number | Method of acquisition | Koha item type | Currency |
|---|---|---|---|---|---|---|---|---|---|---|---|---|---|---|---|---|
| Dewey Decimal Classification | Not For Loan | JCC Rouf Library | JCC Rouf Library | General Stacks | 09/19/2024 | With the Compliments Of Shahriar Imtiaz Rahman 27/1483/K | 3315.00 | 158.7 BUR 2006 | 19701 | 09/19/2024 | C-1 | Gift/Donation | Books | BDT |